Báza technických štandardov výroby, technológie a kvality hutníckeho podniku

Definovanie bázy technických štandardov a prístup k dátam. Hlavné entity bázy technických štandardov. Správa bázy technických štandardov a úloha IT/ICT.

Gespeichert in:
Bibliographische Detailangaben
1. Verfasser: Bartko, Pavol
Format: Buchkapitel
Sprache:Slowakisch
Schlagworte:
Tags: Tag hinzufügen
Keine Tags, Fügen Sie das erste Tag hinzu!

MARC

LEADER 00000naa a2200000 4500
001 0127107
005 20231011110341.9
041 0 |a slo 
044 |a SK 
245 1 0 |a Báza technických štandardov výroby, technológie a kvality hutníckeho podniku  |c Pavol Bartko 
520 |a Definovanie bázy technických štandardov a prístup k dátam. Hlavné entity bázy technických štandardov. Správa bázy technických štandardov a úloha IT/ICT. 
610 2 0 |a podnikanie 
610 2 0 |a štandardy 
610 2 0 |a technológia výroby 
610 2 0 |a hutníctvo 
610 2 0 |a riadenie kvality 
100 1 |a Bartko, Pavol